00473nam a2200157 a 4500001001400000005001700014008004100031100003000072245008800102260002800190300001000218490002100228650002300249650001900272700002400291$$a000001894420200120222020.0010814s1977 mex0 gr0 000 d0 aChesterton, Gilbert Keith13aEl candor del Padre Brown /cGilbert Keith Chesterton; traducción: Alfonso Reyes. aMéxicobAguilarc1977 a379p. aCrisol Literario14aLITERATURA INGLESA14aNOVELA INGLESA1 aReyes, Alfonso, tr.